Faktory ovlivňující nároky na počáteční kapitál
Nároky na počiatočný kapitál určujú: špecializácia malej firmy, forma podnikania, alokácia firmy, ciele podnikania.
Guardado en:
| Autor principal: | |
|---|---|
| Formato: | Capítulo de libro |
| Lenguaje: | checo |
| Materias: | |
| Etiquetas: |
Sin Etiquetas, Sea el primero en etiquetar este registro!
|
MARC
| LEADER | 00000naa$a2200000$$$4500 | ||
|---|---|---|---|
| 001 | 0112652 | ||
| 005 | 20240502083259.7 | ||
| 041 | 0 | |a cze | |
| 044 | |a CZ | ||
| 245 | 1 | 0 | |a Faktory ovlivňující nároky na počáteční kapitál |c Elena Šúbertová |
| 520 | |a Nároky na počiatočný kapitál určujú: špecializácia malej firmy, forma podnikania, alokácia firmy, ciele podnikania. | ||
| 610 | 2 | 0 | |a podnik malý |
| 610 | 2 | 0 | |a financie podnikové |
| 610 | 2 | 0 | |a kapitál podnikový |
| 100 | 1 | |a Šúbertová, Elena | |